00289nam a2200109Ia 4500008004100000041000800041082001500049100001300064245003800077260003400115300003000149240624s9999 xx 000 0 und d aeng a519.76 HAD aHADLEY G aNONLINEAR AND DYNAMIC PROGRAMMING c1964aReadingbAddison Wesley axi, : 484 : p. : cm. ; 25